| 000 | 00740nam a22002177a 4500 | ||
|---|---|---|---|
| 005 | 20250424070848.0 | ||
| 008 | 250424b |||||||| |||| 00| 0 eng d | ||
| 020 | _a978-0-525-56602-1 | ||
| 082 | _aFic. L174 2015 | ||
| 100 | _aGoulding, George | ||
| 245 |
_aThe girl in the spider's web / _cDavid Lagercrantz; translated from the Swedish George Goulding |
||
| 260 |
_aNew York: _bVintage Books, _cc2015 |
||
| 300 | _axi, 497p. | ||
| 541 | _e7817 | ||
| 600 | _aBlomkvist, Mikael (Fictitious character) - Fiction | ||
| 600 | _aSalander, Lisbeth (Fictitious character) - Fiction | ||
| 650 | _aHackers - Fiction | ||
| 650 | _aJournalist - Sweden - Fiction | ||
| 650 | _aOrganize crime - Fiction | ||
| 700 |
_aGoulding, George _etranslator |
||
| 999 |
_c2431 _d2431 |
||